000
00295nam a2200109Ia 4500
008
190912s9999||||xx |||||||||||||| ||und||
100
_a
Pro: Shareef-ul-Mujahid
245
0
_a
Tehreek-e-Pakistan Pasmanzar Aain Tajzeo
260
_a
Karachi
_b
Quaid-e-Azam Academy
_c
223
300
_a
1979
942
_c
BK
999
_c
7385
_d
7385